000 00798cam a2200241 a 4500
020 _a0072410159 (acidfree paper)
040 _cDLC
082 0 0 _a540 MCG 2003 A027 Or.
245 0 0 _aChemistry in context :
_bapplying chemistry to society.
250 _a4th ed. /
260 _aBoston :
_bMcGraw-Hill,
_cc2003.
300 _axxiv, 568 p. :
_bill. (some col.) ;
_c28 cm.
500 _a"A project of the American Chemical Society."
500 _aIncludes index.
650 0 _aBiochemistry.
650 0 _aEnvironmental chemistry.
650 0 _aGeochemistry.
700 1 _aStanitski, Conrad L.
710 2 _aAmerican Chemical Society.
856 4 1 _uhttp://www.loc.gov/catdir/toc/mh031/2002067087.html
856 4 2 _uhttp://www.loc.gov/catdir/description/mh031/2002067087.html
942 _cEK
999 _c13043
_d13043